The next seventy years: Population food and resources (Record no. 36056)

MARC details
000 -LEADER
fixed length control field 00293nam a2200109Ia 4500
082 ## - DEWEY DECIMAL CLASSIFICATION NUMBER
Classification number 33:312
Item number GIL
100 ## - MAIN ENTRY--AUTHOR NAME
Personal name GILLAND, Bernard
245 #4 - TITLE STATEMENT
Title The next seventy years: Population food and resources
260 ## - PUBLICATION, DISTRIBUTION, ETC. (IMPRINT)
Place of publication Kent
Name of publisher Abacus
Year of publication 1979
942 ## - ADDED ENTRY ELEMENTS (KOHA)
Koha item type Books
Holdings
Withdrawn status Lost status Damaged status Not for loan Home library Current library Date acquired Full call number Accession Number Koha item type
        RRII Library RRII Library 16/12/2021 33:312 GIL 16472 Books